000
00196 a2200097 4500
001
2607
100
_a
Kilmuir
245
_a
Political adventure
260
_a
_b
Weidenfeld
_c
090
_c
1904
_d
1904
942
_a
NUST-CAE
_c
M
_c
10047
999
_c
237680
_d
237680